| 000 | 01025nmm a2200325 a 4500 | ||
|---|---|---|---|
| 003 | AR-BaBNM | ||
| 005 | 20251128210158.0 | ||
| 008 | 299019s1996 ||||||||||||||000 | spa|| | ||
| 020 | _a970-625-155-3 | ||
| 040 | _cAR-BaBNM | ||
| 100 | 1 | _aPerry, Patricia Inés | |
| 245 | 1 | 0 |
_aLa problemática de las matemáticas escolares _bun reto para directivos y profesores |
| 250 | _a1ª ed. | ||
| 260 |
_aMéxico, D.F. _aBogotá _bIberoamérica _bUna Empresa Docente _c1996 |
||
| 300 | 0 |
_a189 p. _btablas, gráfs. |
|
| 500 | 0 | _aContiene referencias bibliográficas al final de cada capítulo | |
| 650 | 4 | _aENSENANZA DE LAS MATEMATICAS | |
| 650 | 4 | _aMETODOS DE ENSENANZA | |
| 650 | 4 | _aINVESTIGACION | |
| 650 | 4 | _aMARCO DE REFERENCIA INSTITUCIONAL | |
| 650 | 4 | _aCOMUNICACION | |
| 650 | 4 | _aROL DEL DOCENTE | |
| 650 | 4 | _aSOLUCION DE PROBLEMAS | |
| 650 | 4 | _aENSENANZA POR COMPUTADORA | |
| 650 | 4 | _aTECNICAS INFORMATICAS | |
| 650 | 4 | _aEVALUACION | |
| 700 | 1 |
_aGómez, Pedro _eeditor |
|
| 942 | _cBK | ||
| 998 | _cRaquel | ||
| 999 |
_c14398 _d14398 |
||